000 02578nam0a2200337 4500
001 RU\NLR\BIBL_A\016276629
005 20250625022645.0
010 _a978-5-00212-146-5
_9500
021 _aRU
_b2022-94251
_9КН-П-8423
035 _a(RuMoRGB)011505891
035 _a(NLR Aleph) 016276629
090 _a12903340
_c12903340
100 _a20230203d2022 |||y0rusy50 ca
101 0 _arus
102 _aRU
105 _ay z 000zy
181 0 _ai4
_baxxe
182 1 _an
200 1 _aПринцип симметрии как методологическая основа развития современной физики и космологии
_eмонографическое исследование
_fЮ. Н. Абдулкадыров
203 _aТекст
_bвизуальный
_cнепосредственный
210 _aМахачкала
_cАЛЕФ
_d2022
215 _a235 с.
_d21
320 _aБиблиогр.: с. 219-235 (289 назв.) и в подстроч. примеч.
330 _aВ монографическом исследовании в первые дается обобщенное представление о функционировании симметрии как общеметодологического принципа современной физики и космологии. При этом симметрия осмысливается не только как закон природы, метод познания и структурная компанента физических теорий, но и как основу всей системы мысли, как "начало" науки, условие ее развития и сфера формирования общей схемы ее предметной области. Такой подход позволил автору определить симметрию как всеохватывающую сущность, которая отражает глубинное смысловое единство всей природы и выявить ее доминирующее значение как методологеммы квантово-теоретического синтеза знаний
606 1 _aСимметрия в космологии
_91388937
_3RU\NLR\AUTH\66583672
686 1 _aВ31
700 1 _aАбдулкадыров
_bЮ. Н.
_gЮсуп Нурмагомедович
_9157342
_3RU\NLR\AUTH\770157382
942 _cBOOK
980 _aNB